Coping with stress in a changing world / (Record no. 12725)

000 -LEADER
fixed length control field 00537cam a2200193 a 4500
020 ## - INTERNATIONAL STANDARD BOOK NUMBER
ISBN 0072885742 (pbk. : alk. paper)
040 ## - CATALOGING SOURCE
Transcribing agency DLC
082 00 - DEWEY DECIMAL CLASSIFICATION NUMBER
Classification number 155 MCG 2005 A001 Or.
100 1# - MAIN ENTRY--AUTHOR NAME
Personal name Blonna, Richard.
245 10 - TITLE STATEMENT
Title Coping with stress in a changing world /
250 ## - EDITION STATEMENT
Edition statement 3rd ed.
260 ## - PUBLICATION, DISTRIBUTION, ETC. (IMPRINT)
Place of publication Boston :
Name of publisher McGraw-Hill,
Year of publication c2005.
300 ## - PHYSICAL DESCRIPTION
Number of Pages xv, 380 p. :
Other physical details ill. ;
Dimensions 28 cm.
650 #0 - SUBJECT ADDED ENTRY--TOPICAL TERM
Topical Term Stress (Psychology)
650 #0 - SUBJECT ADDED ENTRY--TOPICAL TERM
Topical Term Stress management.
650 12 - SUBJECT ADDED ENTRY--TOPICAL TERM
Topical Term Stress, Psychological
650 22 - SUBJECT ADDED ENTRY--TOPICAL TERM
Topical Term Adaptation, Physiological.
942 ## - ADDED ENTRY ELEMENTS (KOHA)
Koha item type សៀវភៅភាសាអង់គ្លេស
952 ## - LOCATION AND ITEM INFORMATION (KOHA)
Withdrawn status [LOCAL, KOHA] 0
Holdings
Permanent Location Date acquired Koha item type Lost status Shelving location Barcode Current Location Full call number
Library Block A2017-08-16សៀវភៅភាសាអង់គ្លេស A001A20878Library Block A155 MCG 2005 A001 Or.
មជ្ឈមណ្ឌលឯការនៃសាកលវិទ្យាល័យភូមិន្ទកសិកម្មចំការដូង

Powered by Koha